000
00320 a2200157 4500
001
50066
040
_c
Anchieta - Bela Vista
100
_a
Bandeira, Pedro
240
1
0
_a
Robin Hood
_l
por
245
1
0
_a
Robin Hood
300
_a
64
362
0
_a
2012
440
1
_a
Moderna
650
4
_a
Literatura juvenil
942
_c
BK
999
_c
50066
_d
50066